Під куполом спільного неба (Record no. 336301)
[ view plain ]
| 000 -Лідер | |
|---|---|
| fixed length control field | 00758nam a22002537a 4500 |
| 001 - Контрольний номер | |
| control field | 50203 |
| 003 - Ідентифікатор контрольного номера | |
| control field | UA-OsUOA |
| 005 - Дата та час останнього входження (трансакції) | |
| control field | 20230112110203.0 |
| 007 - Фіксоване поле фізичного опису | |
| fixed length control field | ta |
| 008 - Елементи даних фіксованої довжини – загальна інформація | |
| fixed length control field | 20071106b un ||||| |||| 00| 0 ukr d |
| 020 ## - Міжнародний стандартний книжковий номер (ISBN) | |
| Міжнародний стандартний книжковий номер (ISBN) (НП) | 966877020Х |
| 040 ## - Джерело каталогізації | |
| Агенція оригінальної каталогізації | UA-OsUOA |
| Мова каталогізації | ukr |
| Агенція, яка здійснювала перезапис | UA-OsUOA |
| Агенція, яка здійснювала модифікацію | UA-OsUOA |
| 041 ## - Код мови | |
| Код мови тексту/ звукової доріжки чи окремого заголовка (П) | ukr |
| 080 ## - Індекс Універсальної десяткової класифікації | |
| Індекс Універсальної десяткової класифікації (УДК) (НП) | 821.161.2:2-9 |
| 090 ## - Локальний шифр розміщення | |
| Класифікаційний індекс УДК | 821.161.2:2-9 |
| Авторський знак (НП) | В31 |
| 100 ## - Основне введення – ім’я особи | |
| Ім’я особи (НП) | Вербич В. |
| 245 ## - Відомості про назву | |
| Назва (НП) | Під куполом спільного неба |
| Решта назви (НП) | есеї та діалоги |
| Дані про відповідальність (НП) | Віктор Вербич |
| 260 ## - Публікація, розповсюдження і т.п. (Вихідні дані) | |
| Місце публікації, розповсюдження і т.п. (П) | Луцьк |
| Ім’я/ наймення видавництва, розповсюджувача і т.п. (П) | Твердиня |
| Дата публікації, розповсюдження і т.п. (П) | 2006 |
| 300 ## - Фізичний опис | |
| Обсяг | 244 с. |
| 490 ## - Область серії | |
| Назва серії | Волинь унікальна |
| 650 #7 - Додаткове предметне введення – тематичний термін | |
| Тематичний термін чи географічна назва, як елемент введення (НП) | 82 Література. Літературознавство |
| Джерело заголовка чи терміна | UDC |
| 942 ## - Додаткові елементи входу (Коха) | |
| Тип елемента Koha | Books |
| Source of classification or shelving scheme | Universal Decimal Classification |
| 955 ## - Код типу видання за змістом | |
| Код типу видання за змістом (НП) | Навчальні видання |
| Стан вилучень | Стан втрат | Джерело класифікації або схеми стелажів | Стан уражень | Не для кредиту | Постійне місце розташування | Поточне розміщення | Дата придбання | Джерело придбання | Вартість, звичайна ціна покупки | Інвентарний номер | Усього замовленно | Повний номер виклику | Штрих-код | Дата останнього перегляду | Ціна ефективна від | Тип елемента Koha | Код колекції | Примітка, призначена для загального доступу | Вартість, ціна заміни |
|---|---|---|---|---|---|---|---|---|---|---|---|---|---|---|---|---|---|---|---|
| Universal Decimal Classification | АБ - Абонемент НБ | АБ - Абонемент НБ | 12/01/2023 | №2/04.01.2023 | 11.00 | 821.161.2:2-9 В31 | 165348 | 12/01/2023 | 12/01/2023 | Books | з автографом В. Вербича | 11.00 | |||||||
| Universal Decimal Classification | ЧЗ - Читальна зала | ЧЗ - Читальна зала | 06/11/2007 | 186/2007 | 11.00 | 109054 | 821.161.2:2-9 В31 | 109054 | 21/02/2022 | 06/11/2007 | Books | ||||||||
| Universal Decimal Classification | ЧЗ - Читальна зала | ЧЗ - Читальна зала | 06/11/2007 | 186/2007 | 11.00 | 109055 | 821.161.2:2-9 В31 | 109055 | 21/02/2022 | 06/11/2007 | Books | ||||||||
| Universal Decimal Classification | ЧЗ - Читальна зала | ЧЗ - Читальна зала | 25/12/2009 | 136/2009 | 4.00 | 125499 | 821.161.2:2-9 В31 | 125499 | 06/02/2022 | 06/11/2007 | Books | Колекція Жулинського М.Г. | |||||||
| Universal Decimal Classification | ЧЗ - Читальна зала | ЧЗ - Читальна зала | 22/12/2015 | 54/2015 | 11.00 | 150188 | 821.161.2:2-9 В31 | 150188 | 30/09/2021 | 06/11/2007 | Books | Колекція Пасічника І.Д. | з автографом В. Вербича |